[Event "Alfoeld Cup op"]
[Site "Hajduszoboszlo"]
[Date "1999.??.??"]
[Round "9"]
[White "Solymosi, Istvan"]
[Black "Toth, Mate"]
[Result "1-0"]
[WhiteElo "2195"]
[BlackElo "2160"]

1.d4 g6 2.c4 Nf6 3.Nc3 d5 4.cxd5 Nxd5 5.e4 Nxc3 6.bxc3 Bg7 7.Nf3 O-O 8.Rb1 b6
9.Be2 Bb7 10.Qd3 Nd7 11.Qe3 e6 12.O-O c5 13.Ba3 cxd4 14.cxd4 Re8 15.Bb5 Bf8
16.Bc1 Bg7 17.Rd1 f6 18.Ba3 Rc8 19.Qf4 Rc2 20.Rb2 Rxb2 21.Bxb2 a6 22.Ba4 b5
23.Bb3 Nb6 24.Rc1 Na8 25.h3 h5 26.d5 Kh7 27.dxe6 Bh6 28.Qh4 Bxc1 29.Bxc1 Kg7
30.Qf4 Rh8 31.Bb2 Qe7 32.Nh4 Nc7 33.Nf5+ gxf5 34.Qg5+ Kf8 35.Bxf6 Qh7 36.Bxh8 Qxh8
37.Qxf5+ Kg7 38.Qe5+ Kh7 39.Qxh5+ Kg7 40.Qe5+ Kh7 41.Qxc7+  1-0

[Event "Hessen-ch int"]
[Site "Hessen"]
[Date "1999.??.??"]
[Round "4"]
[White "Kesper, Thorsten"]
[Black "Struckenschneider, Martin"]
[Result "1-0"]
[WhiteElo "1655"]
[BlackElo "1860"]

1.d4 Nf6 2.c4 g6 3.Nc3 d5 4.cxd5 Nxd5 5.e4 Nxc3 6.bxc3 Bg7 7.Nf3 c5 8.Be3 O-O
9.Qd2 Qa5 10.Be2 Nc6 11.Rc1 cxd4 12.cxd4 Qxd2+ 13.Kxd2 Bg4 14.d5 Rfd8 15.Rhd1 e6
16.Ke1 exd5 17.exd5 Nb4 18.d6 Nxa2 19.Rc7 Nc3 20.Rd3 Nxe2 21.Kxe2 b6 22.h3 Bxf3+
23.Kxf3 Be5 24.Rc6 Rd7 25.Rd5 f6 26.Bd4 Bxd4 27.Rxd4 Rad8 28.Ke4 Re8+ 29.Kd5 Re5+
30.Kc4 Kf7 31.f4 Re2 32.Kd5 Ra2 33.Rc8 Ra5+ 34.Kc6 Ke6 35.Re8+  1-0

[Event "Hessen-ch int"]
[Site "Hessen"]
[Date "1999.??.??"]
[Round "7"]
[White "Kesper, Thorsten"]
[Black "Supplieth, Peter"]
[Result "1-0"]
[WhiteElo "1655"]
[BlackElo "2015"]

1.d4 Nf6 2.c4 g6 3.Nc3 d5 4.cxd5 Nxd5 5.e4 Nxc3 6.bxc3 Bg7 7.Bc4 c5 8.Be3 Nc6
9.Ne2 O-O 10.O-O Na5 11.Bd3 c4 12.Bc2 b5 13.Rb1 Bd7 14.Kh1 e6 15.f4 Qe7 16.Qc1 Rfe8
17.Ng3 h5 18.e5 Bc6 19.Be4 Qb7 20.Qc2 a6 21.Rf3 Rab8 22.Bxc6 Qxc6 23.Nxh5 gxh5
24.Rh3 f5 25.exf6 Bxf6 26.Qg6+ Bg7 27.Rxh5 Re7 28.f5 exf5 29.Qh7+ Kf8 30.Rxf5+ Ke8
31.Qg8+ Kd7 32.Qxb8 Rxe3 33.Qg8 Re7 34.Rd5+ Qxd5 35.Qxd5+ Kc7 36.Qg5 Kd7
37.Rf1 Nb7 38.Qg6 Nd6 39.h3 a5 40.Qg4+ Kc6 41.a3 Bh6 42.Qh4 Re6 43.Rf6 Rxf6
44.Qxf6 Bc1 45.g4 Bxa3 46.g5 b4 47.g6 b3 48.g7 b2 49.Qg6 Kb5 50.g8=Q Ka4
51.Qc2+ Kb5 52.Qb8+ Kc6 53.Qa4+  1-0

[Event "Hessen-ch int"]
[Site "Hessen"]
[Date "1999.??.??"]
[Round "9"]
[White "Vullhorst, Wolfgang"]
[Black "Schaffarczyk, Andre"]
[Result "0-1"]
[WhiteElo "1805"]
[BlackElo "2105"]

1.d4 Nf6 2.c4 g6 3.Nc3 d5 4.cxd5 Nxd5 5.e4 Nxc3 6.bxc3 Bg7 7.Nf3 c5 8.Rb1 Nc6
9.Be3 O-O 10.Be2 Qc7 11.Qc2 Rd8 12.O-O a6 13.a4 Bd7 14.d5 Ne5 15.Nxe5 Bxe5
16.f4 Bg7 17.c4 Rab8 18.Bd2 Bd4+ 19.Kh1 b6 20.Bc1 Be8 21.Bb2 Bxb2 22.Rxb2 Qd7
23.Ra1 Rdc8 24.Qb1 Qc7 25.Bg4 Rd8 26.Qc1 b5 27.axb5 axb5 28.cxb5 Bxb5 29.g3 Bd3
30.Bf3 c4 31.Ra3 Rxb2 32.Qxb2 Rb8 33.Qd4 Qb6 34.Qxb6 Rxb6 35.e5 Kg7 36.Ra7 c3
37.Rxe7 c2  0-1

[Event "HUN-chT29899"]
[Site "HUN"]
[Date "1999.??.??"]
[Round "?"]
[White "Ballai, Zsolt"]
[Black "Rapcsak, Andrea"]
[Result "1-0"]
[WhiteElo "2335"]
[BlackElo "2060"]

1.d4 Nf6 2.c4 g6 3.Nc3 d5 4.cxd5 Nxd5 5.e4 Nxc3 6.bxc3 Bg7 7.Nf3 O-O 8.Rb1 c5
9.Be2 Nc6 10.d5 Ne5 11.Nxe5 Bxe5 12.Qd2 Qa5 13.Rb3 Bd7 14.f4 Bg7 15.e5 Rfd8
16.c4 Qxd2+ 17.Bxd2 b6 18.Bf3 Bc8 19.Ke2 Rb8 20.Rc1 Bb7 21.a4 Ba8 22.Rcb1 Rd7
23.a5 Rdb7 24.axb6 Rxb6 25.Rxb6 axb6 26.Ba5 e6 27.Rxb6 Rxb6 28.Bxb6  1-0

[Event "HUN-chT29899"]
[Site "HUN"]
[Date "1999.??.??"]
[Round "?"]
[White "Kovacs, Janos"]
[Black "Krisztian, Gabor"]
[Result "1-0"]
[WhiteElo "2220"]
[BlackElo "2155"]

1.c4 Nf6 2.Nc3 g6 3.d4 d5 4.cxd5 Nxd5 5.e4 Nxc3 6.bxc3 Bg7 7.Bb5+ Bd7 8.Bxd7+ Qxd7
9.Ne2 O-O 10.O-O c5 11.d5 e6 12.Qb3 exd5 13.exd5 Re8 14.Be3 b6 15.Rad1 Na6
16.c4 Nc7 17.Nc3 Be5 18.a4 Qd6 19.h3 Bf4 20.Bxf4 Qxf4 21.d6 Na6 22.d7 Red8
23.Nd5 Qe5 24.Rfe1 Qg7 25.Qf3 Kf8 26.Nf6 Nc7 27.Qf4 Qh8 28.Qd6+ Kg7 29.Qxc7  1-0

[Event "HUN-chT29899"]
[Site "HUN"]
[Date "1999.??.??"]
[Round "?"]
[White "Veress, Robert"]
[Black "Halasz, Csaba"]
[Result "1-0"]
[WhiteElo "2305"]
[BlackElo "2145"]

1.d4 Nf6 2.c4 g6 3.Nc3 d5 4.cxd5 Nxd5 5.e4 Nxc3 6.bxc3 Bg7 7.Bc4 c5 8.Ne2 cxd4
9.cxd4 Nc6 10.Be3 O-O 11.O-O Bg4 12.f3 Na5 13.Bd5 Bd7 14.Rb1 a6 15.Bxb7 Ra7
16.Bd5 Bb5 17.a4 Bxe2 18.Qxe2 e6 19.Bc4 Bxd4 20.Rfd1 Bxe3+ 21.Qxe3 Rd7 22.Be2 Rxd1+
23.Rxd1 Qc8 24.Rc1 Qb7 25.h4 h5 26.f4 Rc8 27.Rd1 Nc4 28.Qd4 Qb3 29.Rc1 Nb6
30.Rxc8+ Nxc8 31.Qd8+ Kg7 32.Qxc8 Qe3+ 33.Kf1 Qxf4+ 34.Bf3 Qxh4 35.Qxa6 g5
36.Qd3 g4 37.Bd1 Qh1+ 38.Kf2 Qh4+ 39.Kf1 Qh1+ 40.Kf2 Qh4+ 41.Ke2 Qh2 42.Qd4+ Kg6
43.Kf1 Qf4+ 44.Qf2 Qc1 45.Qe2 Qf4+ 46.Kg1 Qc1 47.e5 Kg7 48.g3 Qc5+ 49.Kh2 Qc3
50.Bc2 Qc5 51.Bd3 Kg8 52.Kg2 Qc3 53.Qe4 Qd2+ 54.Be2 Qe1 55.Bd3 Qd2+ 56.Qe2 Qc3
57.Bb5 Kg7 58.Kf2 Qd4+ 59.Qe3 Qd5 60.Qg5+ Kf8 61.Qh6+ Ke7 62.Qf6+ Kf8 63.Qh8+  1-0

[Event "HUN-chT29899"]
[Site "HUN"]
[Date "1999.??.??"]
[Round "?"]
[White "Kladiva, Istvan"]
[Black "Darazs, Zoltan"]
[Result "0-1"]
[WhiteElo "2120"]
[BlackElo "2195"]

1.d4 Nf6 2.c4 g6 3.Nc3 d5 4.cxd5 Nxd5 5.e4 Nxc3 6.bxc3 Bg7 7.Bc4 c5 8.Ne2 Nc6
9.Be3 O-O 10.O-O Qc7 11.Rc1 Rd8 12.Qd2 Qa5 13.Qb2 a6 14.Rfd1 e6 15.f4 b5
16.d5 Na7 17.Bxc5 Qc7 18.Bf2 Qxc4 19.dxe6 Rxd1+ 20.Rxd1 Bxe6 21.f5 Qxa2 22.Qxa2 Bxa2
23.Rd6 Be5 24.Rxa6 Bc4 25.Nd4 b4 26.Ra4 Rb8 27.cxb4 Rd8 28.Nf3 Rd1+ 29.Be1 Bc7
30.Kf2 Bb6+ 31.Kg3 Bb5 32.Ra3 Rd3 33.Ra2 Bc6 34.Kf4 Re3 35.f6 Rxe4+ 36.Kg3 Re6
37.Bc3 Nb5 38.Ba1 h6 39.Ra6 Bc7+ 40.Kf2 Bxf3 41.Rxe6 fxe6 42.Kxf3 Bd6 43.Ke4 Kf7
44.h4 h5 45.Bb2 Bxb4 46.g4 hxg4 47.Kf4 Bc3 48.Bc1 Bxf6 49.Kxg4 e5 50.h5 gxh5+
51.Kxh5 Ke6 52.Kg4 Nd4 53.Bd2 Kd5 54.Kg3 Ke4 55.Kf2 Bh4+ 56.Kg2 Kd3 57.Bc1 e4  0-1

[Event "HUN-chT9899"]
[Site "HUN"]
[Date "1999.??.??"]
[Round "?"]
[White "Peter, Ambrus"]
[Black "Kubacsny, Laszlo"]
[Result "0-1"]
[WhiteElo "2405"]
[BlackElo "2335"]

1.d4 Nf6 2.c4 g6 3.Nc3 d5 4.cxd5 Nxd5 5.e4 Nxc3 6.bxc3 Bg7 7.Be3 O-O 8.Qd2 c5
9.Nf3 Qa5 10.Rc1 Nd7 11.d5 Rd8 12.c4 Qa3 13.Bd3 Nf6 14.Rc3 Qa5 15.Rb3 Qxd2+
16.Kxd2 b6 17.h3 e6 18.Bf4 exd5 19.exd5 Re8 20.Re1 Rxe1 21.Kxe1 Nh5 22.Bc7 Bd7
23.Kf1 Rc8 24.Bh2 f5 25.Ra3 a5 26.Ne5 Be8 27.g4 fxg4 28.hxg4 Nf6 29.Rb3 Nd7
30.Nxd7 Bxd7 31.Rxb6 Bxg4 32.Be4 Bh3+ 33.Bg2 Bf5 34.Kg1 Re8 35.Bf1 Re1 36.Kg2 h5
37.Bc7 h4 38.f3 Bd4 39.Rb8+ Kf7 40.Rb7 Ke8 41.Rb8+ Kd7 42.Bf4 h3+ 43.Kh2 Rxf1
44.Rb7+ Kd8 45.Rb8+ Bc8 46.d6 Rxf3  0-1

[Event "HUN-chT29899"]
[Site "HUN"]
[Date "1999.??.??"]
[Round "?"]
[White "Filep, Tibor"]
[Black "Juhasz, Laszlo"]
[Result "0-1"]
[WhiteElo "2245"]
[BlackElo "2195"]

1.d4 Nf6 2.c4 g6 3.Nc3 d5 4.cxd5 Nxd5 5.e4 Nxc3 6.bxc3 Bg7 7.Bc4 O-O 8.Ne2 c5
9.Be3 Nc6 10.O-O Bg4 11.f3 Na5 12.Bd3 Bd7 13.Qd2 Rc8 14.Rac1 b5 15.d5 c4
16.Bb1 Qc7 17.Kh1 Nb7 18.f4 Rfd8 19.Bd4 Nc5 20.f5 Be8 21.Rf3 Nd7 22.Bxg7 Kxg7
23.Rh3 Nf6 24.Qh6+ Kg8 25.Rf1 Qe5 26.Nf4 Rd6 27.fxg6 fxg6 28.Ne6 Rxe6 29.dxe6 Qxe6
30.Qg5 Bc6 31.e5  0-1

[Event "Godal mem"]
[Site "HUN"]
[Date "1999.??.??"]
[Round "3"]
[White "Menyhart, Tibor"]
[Black "Kladiva, Imre"]
[Result "1-0"]
[WhiteElo "2305"]
[BlackElo "2130"]

1.d4 Nf6 2.c4 g6 3.Nc3 d5 4.cxd5 Nxd5 5.e4 Nxc3 6.bxc3 Bg7 7.Nf3 O-O 8.Be3 c5
9.Qd2 Qa5 10.Rc1 Nc6 11.d5 Rd8 12.Be2 Bg4 13.O-O Rac8 14.Qb2 Ne5 15.Nxe5 Bxe2
16.Nxf7 Kxf7 17.Qxe2 Bxc3 18.d6 e6 19.Bg5 Be5 20.Bxd8 Rxd8 21.f4 Bd4+ 22.Kh1 Rxd6
23.f5 exf5 24.exf5 Rf6 25.fxg6+ hxg6 26.Qe4 Qa6 27.Rxf6+ Kxf6 28.Qh4+ Kf7
29.Re1 Bf6 30.Qh7+ Bg7 31.Kg1  1-0

[Event "Kiev-ch"]
[Site "Kiev"]
[Date "1999.??.??"]
[Round "6"]
[White "Simkin, Y."]
[Black "Gerasimchuk, Oleg"]
[Result "0-1"]
[WhiteElo "2371"]
[BlackElo "2371"]

1.d4 Nf6 2.c4 g6 3.Nc3 d5 4.cxd5 Nxd5 5.e4 Nxc3 6.bxc3 Bg7 7.Bb5+ c6 8.Ba4 O-O
9.Ne2 c5 10.d5 e6 11.O-O exd5 12.exd5 Bd7 13.Bc2 Re8 14.Rb1 b6 15.Bf4 Qf6
16.Bg3 h5 17.h3 Bf5 18.c4 Nd7 19.f4 Re7 20.Bxf5 gxf5 21.Bf2 h4 22.Kh1 Re4
23.Qd3 Rae8 24.Rbe1 Nf8 25.Ng1 Ng6 26.Rxe4 fxe4 27.Qd1 e3 28.Be1 Qd4 29.Qa4 Re4
30.Qc6 Bf8 31.f5 Ne5 32.Qf6 Nf3 33.Qxd4 Nxd4 34.Nf3 e2 35.Rg1 Nxf5 36.g4 hxg3
37.Bxg3 Nxg3+ 38.Rxg3+ Bg7 39.Rg1 Kf8 40.Kg2 Bd4 41.Rc1 Ke7 42.a4 f5 43.Kg3 Kd6
44.h4 Rg4+ 45.Kh2 Bf2 46.h5 Re4 47.Ne1 Rd4 48.Kg2 Rd1 49.Kxf2 Rxc1 50.Kxe2 Rxc4  0-1

[Event "Klatovy op-A"]
[Site "Klatovy"]
[Date "1999.??.??"]
[Round "9"]
[White "Tupy, Martin"]
[Black "Sott, Pavel"]
[Result "1-0"]
[WhiteElo "2219"]
[BlackElo "2138"]

1.d4 Nf6 2.c4 g6 3.Nc3 d5 4.cxd5 Nxd5 5.e4 Nxc3 6.bxc3 Bg7 7.Nf3 O-O 8.Be2 c5
9.Rb1 cxd4 10.cxd4 Qa5+ 11.Bd2 Qxa2 12.O-O Bg4 13.Bg5 h6 14.Be3 b6 15.Ra1 Qe6
16.h3 Bxf3 17.Bxf3 a5 18.Rb1 h5 19.e5 Ra7 20.Be4 Na6 21.f4 Qd7 22.f5 Bxe5
23.dxe5 Qxd1 24.Rfxd1 Nc5 25.Bxc5 bxc5 26.fxg6 fxg6 27.Bxg6 Kg7 28.Bxh5 Rf5
29.Bf3 Rxe5 30.Ra1 c4 31.Rdc1 Rc5 32.Rc3 Rd7 33.Ra4 Rd4 34.Kf2 e5 35.Ke3 Kf6
36.Be2 Kf5 37.Rcxc4  1-0

[Event "La Coruna op 10th"]
[Site "La Coruna"]
[Date "1999.??.??"]
[Round "8"]
[White "Caselas, Jacobo"]
[Black "San Claudio, Francisco Javier"]
[Result "1-0"]
[WhiteElo "2315"]
[BlackElo "2260"]

1.d4 Nf6 2.c4 g6 3.Nc3 d5 4.cxd5 Nxd5 5.e4 Nxc3 6.bxc3 Bg7 7.Bc4 O-O 8.Be3 b6
9.Nf3 Bb7 10.Qc2 Nd7 11.O-O c5 12.d5 Qc7 13.Rab1 Ne5 14.Nxe5 Qxe5 15.Be2 f5
16.exf5 gxf5 17.c4 f4 18.Bc1 Bc8 19.Bd3 Qh5 20.Be4 f3 21.Rb3 Be5 22.g3 Bf5
23.Re1 Bd4 24.Kh1 Bh3 25.Kg1 Rf6 26.Qd2 h6 27.d6 Raf8 28.dxe7 Re8 29.Bd5+ Kg7
30.Bb2 Bxb2 31.Qxb2 Bg4 32.h3 Bxh3 33.Rxf3 Bf5 34.Re6 Bxe6 35.Qxf6+ Kh7 36.Be4+ Kg8
37.Qxe6+  1-0

[Event "Miskolc Avas op"]
[Site "Miskolc"]
[Date "1999.??.??"]
[Round "2"]
[White "Hlinka, Vasil"]
[Black "Berebora, Ferenc"]
[Result "1/2-1/2"]
[WhiteElo "2185"]
[BlackElo "2375"]

1.d4 Nf6 2.c4 g6 3.Nc3 d5 4.cxd5 Nxd5 5.e4 Nxc3 6.bxc3 Bg7 7.Nf3 c5 8.Rb1 O-O
9.Be2 Qa5 10.O-O Qxa2 11.Bg5 Qe6 12.e5 Rd8 13.Qa4 Qc6 14.Bb5 Qc7 15.Bc4 Bf5
16.Rb2 Nc6 17.Qa2 cxd4 18.cxd4 Nxd4 19.Nxd4 Rxd4 20.Bxf7+ Kh8 21.Bd5 Be4
22.Rxb7 Bxd5 23.Qxd5 Rxd5 24.Rxc7 Rxe5 25.Bxe7 a5 26.Rd1 Re8 27.g3 R5xe7
28.Rxe7 Rxe7 29.Rd8+ Bf8 30.Rxf8+ Kg7 31.Ra8  1/2-1/2

[Event "Miskolc Avas op"]
[Site "Miskolc"]
[Date "1999.??.??"]
[Round "2"]
[White "Kundrak, Gabor"]
[Black "Toth, Daniel"]
[Result "1/2-1/2"]
[WhiteElo "2230"]
[BlackElo "2080"]

1.d4 Nf6 2.c4 g6 3.Nc3 d5 4.cxd5 Nxd5 5.e4 Nxc3 6.bxc3 Bg7 7.Bc4 c5 8.Ne2 Nc6
9.Be3 O-O 10.O-O Bg4 11.f3 Na5 12.Bxf7+ Rxf7 13.fxg4 Rxf1+ 14.Kxf1 cxd4 15.cxd4 e5
16.d5 Nc4 17.Qd3 Nxe3+ 18.Qxe3 Qh4 19.h3 Bh6 20.Qd3 Rf8+ 21.Kg1 Qf2+ 22.Kh1 Qe3
23.Qc4 b5 24.Qxb5 Rf2 25.Qe8+ Bf8 26.Qe6+ Kh8 27.d6 Qxe2 28.Qxe5+ Bg7 29.Qe8+ Rf8
30.d7 Qd3 31.e5 h6 32.e6 Kh7 33.Rg1 Rf3 34.Qb8 Rxh3+ 35.gxh3 Qe4+ 36.Rg2 Qe1+
37.Rg1 Qe4+  1/2-1/2

[Event "Miskolc Avas op"]
[Site "Miskolc"]
[Date "1999.??.??"]
[Round "5"]
[White "Cselenyi, Balazs"]
[Black "Fekete, Lorand"]
[Result "1-0"]
[WhiteElo "2045"]
[BlackElo "2000"]

1.d4 Nf6 2.c4 g6 3.Nc3 d5 4.cxd5 Nxd5 5.e4 Nxc3 6.bxc3 Bg7 7.Bc4 c5 8.Ne2 Nc6
9.Be3 cxd4 10.cxd4 Qa5+ 11.Bd2 Qh5 12.Bc3 O-O 13.O-O Kh8 14.Rb1 f5 15.d5 Ne5
16.Bxe5 Bxe5 17.f4 Bc7 18.Qd4+ Rf6 19.e5 Bb6 20.Rxb6 Rxb6 21.e6+ Kg8 22.d6 Rxd6
23.Qxd6 Qxe2 24.Qd8+  1-0

[Event "GER-chJMF"]
[Site "Neumuenster"]
[Date "1999.??.??"]
[Round "?"]
[White "Duppel, Matthias"]
[Black "Zwanzger, Johannes"]
[Result "1/2-1/2"]
[WhiteElo "2314"]
[BlackElo "2266"]

1.d4 Nf6 2.c4 g6 3.Nc3 d5 4.cxd5 Nxd5 5.e4 Nxc3 6.bxc3 Bg7 7.Bc4 O-O 8.Ne2 b6
9.O-O Bb7 10.f3 Nc6 11.Be3 Na5 12.Bd3 e6 13.Rc1 Qe7 14.Qd2 c5 15.Bg5 Qd6
16.e5 Qd7 17.Rcd1 Rac8 18.Bf6 cxd4 19.cxd4 h6 20.Bxg7 Kxg7 21.Qf4 Qe7 22.h4 f5
23.exf6+ Rxf6 24.Qg3 Qc7 25.Qg4 Kf7 26.h5 gxh5 27.Qxh5+ Ke7 28.Qg4 Kf7 29.Qh5+ Ke7
30.Rc1 Nc6 31.d5 Qe5 32.Qxe5 Nxe5 33.Rxc8 Bxc8 34.Be4 exd5 35.Bxd5 Be6  1/2-1/2

[Event "CXG R.Sa mem-A"]
[Site "Rio de Janeiro"]
[Date "1999.??.??"]
[Round "7"]
[White "Rocha, Valdemir"]
[Black "Sant'Ana, Ricardo"]
[Result "0-1"]
[WhiteElo "2130"]
[BlackElo "2110"]

1.d4 Nf6 2.c4 g6 3.Nc3 d5 4.cxd5 Nxd5 5.e4 Nxc3 6.bxc3 Bg7 7.Nf3 O-O 8.Ba3 b6
9.Bc4 Bb7 10.Qd3 Nc6 11.O-O Na5 12.Bb3 c5 13.Rad1 Qc8 14.Qe3 Nxb3 15.axb3 cxd4
16.Nxd4 Re8 17.f3 a5 18.Ne2 Ba6 19.c4 b5 20.cxb5 Bxb5 21.Rc1 Qa6 22.Rf2 Bxe2
23.Rxe2 Bh6 24.f4 Bxf4 25.Qxf4 Qxe2 26.Rf1 f6 27.h4 Rad8 28.Kh2 Rd4 29.Bxe7 Rxe4
30.Qxf6 R4xe7 31.Rf4 Qe5  0-1

[Event "Liechtenstein op"]
[Site "Schaan"]
[Date "1999.??.??"]
[Round "4"]
[White "Spiegel, Wilfried"]
[Black "Von Herman, Ulf"]
[Result "1-0"]
[WhiteElo "2165"]
[BlackElo "2390"]

1.d4 Nf6 2.c4 g6 3.Nc3 d5 4.cxd5 Nxd5 5.e4 Nxc3 6.bxc3 Bg7 7.Bc4 O-O 8.Be3 Nc6
9.Ne2 Na5 10.Bd3 e5 11.Rc1 b6 12.O-O Qe7 13.Qd2 Bb7 14.f3 c6 15.f4 exd4 16.cxd4 Rad8
17.e5 c5 18.Rfd1 cxd4 19.Nxd4 f6 20.f5 Bc8 21.e6 Bb7 22.fxg6 f5 23.gxh7+ Kh8
24.Bxf5 Rxd4 25.Bxd4 Rxf5 26.Bxg7+ Qxg7 27.Qd8+ Rf8 28.Qd4 Rf6 29.Qd8+ Rf8
30.Qd4 Rf6 31.g3 Kxh7 32.Qd7 Bf3 33.Qxg7+ Kxg7 34.Rd7+ Kg6 35.Re1 Bg4 36.Rd6 Nb7
37.Rc6 Bf3 38.Rc8 Nd6 39.Rg8+ Kh7 40.Rd8 Nf5 41.e7 Nxe7 42.Rxe7+ Kg6  1-0

[Event "Liechtenstein op"]
[Site "Schaan"]
[Date "1999.??.??"]
[Round "6"]
[White "Hirzel, Rene"]
[Black "Pribyl, Martin"]
[Result "1/2-1/2"]
[WhiteElo "2170"]
[BlackElo "2350"]

1.d4 Nf6 2.c4 g6 3.Nc3 d5 4.cxd5 Nxd5 5.e4 Nxc3 6.bxc3 Bg7 7.Bc4 c5 8.Ne2 Nc6
9.Be3 O-O 10.O-O Qc7 11.Rc1 Rd8 12.Qd2 Qa5 13.Rfd1 Bd7 14.Bh6 cxd4 15.Bxg7 Kxg7
16.cxd4 Qxd2 17.Rxd2 Rac8 18.Bb5 a6 19.Bxc6 Rxc6 20.Rxc6 Bxc6 21.d5 e6 22.Nc3 exd5
23.exd5 Bd7 24.f4 Rc8 25.Ne4 b5 26.Kf2 Kf8 27.Ke3 Ke7 28.Kd4 Bf5 29.Nc5 Kd6
30.Nb7+ Kc7 31.Na5 Kb6 32.Nc6 Re8 33.g4 Bxg4 34.Ne5 Bf5 35.Nxf7 Re4+ 36.Kc3 Rxf4
37.d6 Rc4+ 38.Kb2 Re4 39.d7 Bxd7 40.Rxd7 Re2+ 41.Kb3 Rxh2 42.Ne5 a5 43.a4 Rh3+
44.Nd3 bxa4+ 45.Kxa4 Rh4+ 46.Kb3 g5 47.Rd6+ Kc7 48.Rd5 a4+ 49.Ka3 g4 50.Rd4 h5
51.Nf4 Rh1 52.Nxh5 Rxh5 53.Rxg4 Ra5 54.Rxa4 Rxa4+ 55.Kxa4  1/2-1/2

[Event "Staufer-Open 11th"]
[Site "Schwaebisch Gmuend"]
[Date "1999.??.??"]
[Round "5"]
[White "Latzke, Boris Alexander"]
[Black "Fahnenschmidt, Gerhard"]
[Result "0-1"]
[WhiteElo "2215"]
[BlackElo "2350"]

1.d4 Nf6 2.c4 g6 3.Nc3 d5 4.cxd5 Nxd5 5.e4 Nxc3 6.bxc3 Bg7 7.Bc4 O-O 8.Ne2 c5
9.Be3 Nc6 10.O-O cxd4 11.cxd4 Na5 12.Bd3 Be6 13.Rc1 Bxa2 14.Qa4 Be6 15.d5 Bd7
16.Qb4 b6 17.f4 Rc8 18.Nd4 Re8 19.Ba6 Rc7 20.Nb5 Bxb5 21.Bxb5 Rf8 22.Ba6 Rxc1
23.Rxc1 e5 24.d6 exf4 25.Bxf4 Qf6 26.Bg3 Qg5 27.Rd1 Nc6 28.Qc4 Ne5 29.Qd5 Rd8
30.Rf1 Qe3+ 31.Kh1 Qc5 32.Rd1 Qxd5 33.Rxd5 f6 34.Bxe5 fxe5 35.Kg1 Kf7 36.Kf2 Bf8
37.d7 Bc5+ 38.Ke2 Ke7 39.Bb5 Bd6 40.Rd1 Rxd7 41.Bxd7 Kxd7 42.Kd3 b5 43.Ra1 Bc5
44.Ra6 Bd4 45.g4 Kc7 46.h4 Bb6 47.g5 Kb7 48.Ra2 a5 49.h5 Bd8 50.hxg6 hxg6
51.Rf2 Bxg5 52.Rg2 Bh4 53.Rxg6 a4 54.Kc3 Be1+ 55.Kc2 b4 56.Re6 Bc3 57.Rh6 Bd4
58.Kd3 a3 59.Kc4 a2 60.Rh7+ Kc6  0-1

[Event "Sportland-NRW-Cup"]
[Site "Senden"]
[Date "1999.??.??"]
[Round "4"]
[White "Siepmann, Martin"]
[Black "Genkin, Michael"]
[Result "1/2-1/2"]
[WhiteElo "1655"]
[BlackElo "2175"]

1.d4 Nf6 2.c4 g6 3.Nc3 d5 4.cxd5 Nxd5 5.e4 Nxc3 6.bxc3 Bg7 7.Nf3 O-O 8.Rb1 b6
9.Bd3 Bb7 10.O-O Nd7 11.Be3 Rc8 12.Qe2 c5 13.Ba6 Bxa6 14.Qxa6 Qc7 15.dxc5 Nxc5
16.Bxc5 Qxc5 17.Qxa7 Ra8 18.Qxb6 Qxb6 19.Rxb6 Bxc3 20.Rc6 Ra3 21.h3 Bg7 22.Rc7 e6
23.Rd1 Rxa2 24.Rdd7 Ra4 25.g3 h6  1/2-1/2

[Event "St Lorrain Masters-B"]
[Site "St Lorrain"]
[Date "1999.??.??"]
[Round "?"]
[White "Royer, Sylvain"]
[Black "Karr, Jean Philipp"]
[Result "0-1"]
[WhiteElo "2210"]
[BlackElo "2320"]

1.d4 Nf6 2.c4 g6 3.Nc3 d5 4.cxd5 Nxd5 5.e4 Nxc3 6.bxc3 Bg7 7.Nf3 c5 8.Rb1 O-O
9.Be2 b6 10.O-O Bb7 11.e5 cxd4 12.cxd4 Bd5 13.Qa4 a6 14.Bg5 b5 15.Qa3 Nc6
16.Rfd1 Qd7 17.Ne1 f6 18.exf6 exf6 19.Be3 Ne7 20.Nd3 Nf5 21.Bg4 h5 22.Bxf5 Qxf5
23.Nf4 Rfc8 24.Rbc1 Rxc1 25.Rxc1 Bf8 26.Qa5 Bc4 27.Qc7 Ba3 28.Rxc4 bxc4 29.Qxc4+ Kh8
30.h3 Bd6 31.Qc6 Rd8 32.g3 Bxf4 33.Bxf4 g5 34.Be3 a5 35.Qc7 Rd7 36.Qc6 Kg7
37.Kh2 Qd5 38.Qc8 Qd6 39.Kg1 Qe6 40.Kh2 Qd6 41.Kg1 Qd5 42.Kh2 Rb7 43.Qa8 Rb5
44.Qe8 Rb1 45.Qe7+ Qf7 46.Qd8 Qe6 47.Qc7+ Kg6 48.Qd8 a4 49.d5 Rd1 50.dxe6 Rxd8
51.e7 Rc8  0-1

[Event "St Lorrain Masters"]
[Site "St Lorrain"]
[Date "1999.??.??"]
[Round "4"]
[White "Coursaget, Nicolas"]
[Black "Amoyal, Pierre"]
[Result "1-0"]
[WhiteElo "2160"]
[BlackElo "2190"]

1.d4 Nf6 2.c4 g6 3.Nc3 d5 4.cxd5 Nxd5 5.e4 Nxc3 6.bxc3 Bg7 7.Bc4 O-O 8.Ne2 b6
9.O-O Bb7 10.f3 Nc6 11.Be3 e5 12.d5 Na5 13.Bd3 c5 14.Qd2 c4 15.Bc2 Qd6 16.f4 f6
17.h4 Bc8 18.h5 Bg4 19.hxg6 hxg6 20.f5 gxf5 21.exf5 Rad8 22.Ng3 Nb7 23.Ne4 Qxd5
24.Qf2 Bh5 25.Rae1 Qc6 26.Qh4 Be8 27.Rf3 Nd6 28.Rh3 Nxe4 29.Bxe4 Qc7 30.Qh7+ Kf7
31.Rg3 Rg8 32.Bh6 Qc5+ 33.Ree3 Rd7 34.Bxg7  1-0

[Event "St Lorrain Masters"]
[Site "St Lorrain"]
[Date "1999.??.??"]
[Round "9"]
[White "Coursaget, Nicolas"]
[Black "Vareille, Francois"]
[Result "1/2-1/2"]
[WhiteElo "2240"]
[BlackElo "2425"]

1.d4 Nf6 2.c4 g6 3.Nc3 d5 4.cxd5 Nxd5 5.e4 Nxc3 6.bxc3 Bg7 7.Bc4 c5 8.Ne2 Nc6
9.Be3 O-O 10.O-O Bg4 11.f3 Na5 12.Bxf7+ Rxf7 13.fxg4 Rxf1+ 14.Kxf1 cxd4 15.cxd4 e5
16.d5 Nc4 17.Qd3 b5 18.Kg1 Nxe3 19.Qxe3 Qb6 20.Qxb6 axb6 21.Nc3 b4 22.Nb5 Bf8
23.d6 Ra5 24.d7 Be7 25.Rd1 Rxb5 26.d8=Q+ Bxd8 27.Rxd8+ Kf7 28.Rd7+ Ke6 29.Rxh7 Kd6
30.Rh3 Kc5  1/2-1/2

[Event "SVK-chT 9899"]
[Site "SVK"]
[Date "1999.??.??"]
[Round "9"]
[White "Rakay, Kvetoslav"]
[Black "Certek, Pavel"]
[Result "0-1"]
[WhiteElo "2170"]
[BlackElo "2270"]

1.d4 Nf6 2.c4 g6 3.Nc3 d5 4.cxd5 Nxd5 5.e4 Nxc3 6.bxc3 Bg7 7.Nf3 O-O 8.Rb1 c5
9.Be2 Nc6 10.d5 Bxc3+ 11.Bd2 Bxd2+ 12.Qxd2 Na5 13.h4 Bg4 14.h5 Bxf3 15.gxf3 e5
16.hxg6 fxg6 17.d6 b6 18.Qd5+ Kh8 19.Qxe5+ Qf6 20.Qh2 Rf7 21.e5 Qf5 22.Rd1 Nc6
23.f4 Nd4 24.Kf1 Raf8 25.Bc4 Rg7 26.Rxd4 cxd4 27.e6 Qc5 28.Bd3 Qxd6 29.Bxg6 Qxf4
30.Qxf4 Rxf4 31.Bf7 Rgxf7 32.exf7 Rxf7 33.Ke2 d3+ 34.Kxd3 Rxf2 35.a4 Ra2
36.Rh4 Ra3+ 37.Kc2 Kg7 38.Kb2 Rg3 39.Kc2 Kg6 40.a5 bxa5 41.Ra4 Rg5 42.Kd3 h5
43.Ra1 Rf5 44.Ke3 h4 45.Rb1 Kg5 46.Rg1+ Kh5 47.Ke4 Rg5  0-1

[Event "SWE-chT 9899"]
[Site "Sweden"]
[Date "1999.??.??"]
[Round "8"]
[White "Schneider, Stefan"]
[Black "Sanden, Stefan"]
[Result "1-0"]
[WhiteElo "2367"]
[BlackElo "2311"]

1.d4 Nf6 2.c4 g6 3.Nc3 d5 4.cxd5 Nxd5 5.e4 Nxc3 6.bxc3 Bg7 7.Be3 c5 8.Qd2 O-O
9.Nf3 Qa5 10.Rc1 Bg4 11.d5 e6 12.c4 Qa3 13.Ng5 e5 14.h3 Bd7 15.g4 f6 16.Nf3 Na6
17.Bd3 Nc7 18.Rc3 Qa5 19.Rb3 Qxd2+ 20.Nxd2 b6 21.f4 Ne8 22.O-O h5 23.fxe5 fxe5
24.Rxf8+ Kxf8 25.gxh5 gxh5 26.Be2 Bxh3 27.Bxc5+ bxc5 28.Rxh3 Rb8 29.Nb3 Nd6
30.Nxc5 Rb1+ 31.Kf2 Rb2 32.Ke1 Bh6 33.Rxh5 Bd2+ 34.Kf1 Bc3 35.Rh3 Rb1+ 36.Kg2 Bd4
37.Ne6+ Ke7 38.Nxd4 exd4 39.e5 Ne4 40.Rh7+ Ke8 41.Bh5+ Kd8 42.e6 Rb2+ 43.Kf1  1-0

[Event "SWE-chT 9899"]
[Site "Sweden"]
[Date "1999.??.??"]
[Round "8"]
[White "Svenn, Gosta"]
[Black "Winsnes, Rikard"]
[Result "0-1"]
[WhiteElo "2420"]
[BlackElo "2499"]

1.d4 Nf6 2.c4 g6 3.Nc3 d5 4.cxd5 Nxd5 5.e4 Nxc3 6.bxc3 Bg7 7.Be3 c5 8.Qd2 cxd4
9.cxd4 O-O 10.Nf3 Nc6 11.Be2 Bg4 12.Rd1 Bxf3 13.Bxf3 e5 14.dxe5 Nxe5 15.Be2 Qh4
16.Qb4 Ng4 17.Bxg4 Qxg4 18.O-O b6 19.Rd5 Rfe8 20.f3 Qe6 21.Rfd1 f5 22.Bd4 Bf8
23.Qb3 fxe4 24.fxe4 Rac8 25.Ba1 Rc7 26.Bf6 Rf7 27.e5 Bc5+ 28.Rxc5 Qxb3 29.axb3 bxc5
30.Rc1 Rc7 31.Rc4 Kf7 32.b4 Rec8 33.bxc5 Rxc5 34.Rh4 h5 35.Rd4 R8c7 36.Rd8 Rc2
37.Rh8 a5 38.Ra8 Ra2 39.h3 Rcc2 40.Ra7+ Ke6 41.Re7+ Kf5  0-1

[Event "SWE-chT 9899"]
[Site "Sweden"]
[Date "1999.??.??"]
[Round "9"]
[White "Ivanov, Sergey"]
[Black "Svensson, Bengt"]
[Result "1/2-1/2"]
[WhiteElo "2589"]
[BlackElo "2447"]

1.d4 Nf6 2.c4 g6 3.Nc3 d5 4.cxd5 Nxd5 5.e4 Nxc3 6.bxc3 Bg7 7.Nf3 c5 8.Rb1 O-O
9.Be2 cxd4 10.cxd4 Qa5+ 11.Bd2 Qxa2 12.O-O b6 13.Qc1 Qe6 14.Bc4 Qxe4 15.Re1 Qb7
16.Bb4 Be6 17.Rxe6 fxe6 18.Ng5 Nc6 19.Nxe6 Kh8 20.Bc3 Bf6 21.Qh6 Rf7 22.Nc5 Qc8
23.Bxf7 Qf5 24.Qc1 bxc5 25.dxc5 Nd4 26.Bc4 Qxc5 27.Bb4 Qc6 28.Bd3 Qxc1+ 29.Rxc1 a5
30.Ba3 Rb8 31.Bc4 Rc8 32.f4 a4 33.Kf2 Nb3 34.Rc2 Nd4 35.Rc1 Nb3 36.Rc2 Nd4  1/2-1/2

[Event "SWE-chT 9899"]
[Site "Sweden"]
[Date "1999.??.??"]
[Round "10"]
[White "Svenn, Gosta"]
[Black "Akesson, Ralf"]
[Result "0-1"]
[WhiteElo "2420"]
[BlackElo "2584"]

1.d4 Nf6 2.c4 g6 3.Nc3 d5 4.cxd5 Nxd5 5.e4 Nxc3 6.bxc3 Bg7 7.Be3 c5 8.Qd2 Qa5
9.Rb1 b6 10.Rb5 Qa4 11.Rb3 Ba6 12.Bxa6 Qxa6 13.Qe2 Qc8 14.Nf3 Qg4 15.Qb5+ Nd7
16.O-O cxd4 17.cxd4 Qxe4 18.d5 Rc8 19.Ra3 a5 20.Bxb6 Rb8 21.Rxa5 O-O 22.Qxd7 Rxb6
23.Rb5 Qa4 24.Rfb1 Bb2 25.Rxb6 Qxd7 26.R6xb2 Qxd5 27.h3 Kg7 28.Kh2 Ra8 29.Rd2 Qc4
30.Rbb2 Rc8 31.Rb1 e5 32.Kg1 e4 33.Ne1 Qa6 34.Rdb2 Qa4 35.Re2 Rc3 36.Kh2 Qc4
37.Rbb2 Rc1 38.Rbd2 Qb4 39.Rb2 Qc5 40.Nc2 Qe5+  0-1